000 00735nam a2200205Ii 4500
003 JO-AjNU
008 230605s9999||||xx |||||||||||||| ||und||
040 _aJO-AjNU
_bara
_erda
_cJO-AjNU
041 _aara
050 1 4 _aBP165.5 2012
100 3 _aحمود، خضر موسى محمد,
_eauthor
_949930
245 0 0 _aشرح وتحليل نونية القحطاني أبو محمد عبد الله بن محمد الأندلسي القحطاني
250 _aط1
264 3 1 _aبيروت: دار الكتب العلمية، 2012
300 _a352ص
336 _atext
_btxt
_2rdacontent
337 _aunmediated
_bn
_2rdamedia
338 _avolume
_bnc
_2rdacarrier
650 4 _aالشعر الديني- تاريخ ونقد
_949931
999 _aA21962
_c25530
_d25530